[Event "III Torneo Banco di Roma"]
[Site "Roma ITA"]
[Date "1979.03.??"]
[Round "1"]
[White "Cappello, Renato"]
[Black "Coppini, Giorgio"]
[Result "1-0"]
[WhiteElo "2405"]
[BlackElo "2285"]
[PlyCount "97"]
[EventDate "1979.03.18"]

1. e4 d6 2. d4 Nf6 3. Nc3 g6 4. Bg5 Nbd7 5. f4 h6 6. Bh4 Nh5 7. Qd2 Nxf4 8.
Qxf4 g5 9. Qf2 gxh4 10. Bc4 e6 11. O-O-O Rg8 12. Rf1 Rg7 13. Nf3 Be7 14. g3
hxg3 15. hxg3 Bg5+ 16. Kb1 Nb6 17. Bd3 Bd7 18. Rh5 Qe7 19. Nxg5 Rxg5 20. Rxh6
O-O-O 21. Rh7 Be8 22. Nd1 c5 23. c3 Kb8 24. Ne3 cxd4 25. cxd4 Qd7 26. Rc1 Ra5
27. Qf6 Rc8 28. Rxc8+ Nxc8 29. Rh8 Qa4 30. a3 Qb3 31. Bc2 Qxe3 32. Rxe8 Qe1+
33. Ka2 Qd2 34. Qd8 Qxc2 35. Qxa5 Qc4+ 36. Kb1 Qd3+ 37. Kc1 Qxd4 38. Qc3 Qg1+
39. Kc2 Qf2+ 40. Kb1 Qg1+ 41. Ka2 Qc5 42. Qxc5 dxc5 43. Rf8 Kc7 44. Rxf7+ Kd6
45. Rxb7 Ke5 46. Rc7 Nd6 47. Rxc5+ Kxe4 48. g4 e5 49. g5 1-0

[Event "III Torneo Banco di Roma"]
[Site "Roma ITA"]
[Date "1979.03.??"]
[Round "1"]
[White "Hug, Werner"]
[Black "Keene, Raymond Dennis"]
[Result "1/2-1/2"]
[WhiteElo "2460"]
[BlackElo "2465"]
[PlyCount "29"]
[EventDate "1979.03.18"]

1. e4 c6 2. d3 d5 3. Nd2 dxe4 4. dxe4 e5 5. Ngf3 Bc5 6. c3 Qc7 7. Be2 Nf6 8.
O-O O-O 9. Qc2 Nbd7 10. Nc4 Re8 11. b4 Bf8 12. a4 b6 13. Re1 Bb7 14. Bf1 a6 15.
Rb1 1/2-1/2

[Event "III Torneo Banco di Roma"]
[Site "Roma ITA"]
[Date "1979.03.??"]
[Round "1"]
[White "Marovic, Drazen"]
[Black "Toth, Bela"]
[Result "0-1"]
[WhiteElo "2470"]
[BlackElo "2470"]
[PlyCount "50"]
[EventDate "1979.03.18"]

1. c4 e5 2. Nc3 Nf6 3. Nf3 Nc6 4. d4 exd4 5. Nxd4 Bb4 6. Bg5 h6 7. Bh4 Bxc3+ 8.
bxc3 d6 9. e3 Ne5 10. Be2 Ng6 11. Bg3 Ne4 12. Qc2 Qe7 13. Bd3 Nxg3 14. hxg3 Ne5
15. Rh4 Bd7 16. Rb1 Nxd3+ 17. Qxd3 O-O-O 18. Nb5 Qe5 19. Nxa7+ Kb8 20. Nb5 Bf5
21. e4 Rhe8 22. f3 Qxg3+ 23. Kf1 Qxh4 24. exf5 Re5 25. Nd4 Kc8 0-1

[Event "III Torneo Banco di Roma"]
[Site "Roma ITA"]
[Date "1979.03.??"]
[Round "1"]
[White "Passerotti, Pierluigi"]
[Black "Tatai, Stefano"]
[Result "0-1"]
[WhiteElo "2340"]
[BlackElo "2475"]
[PlyCount "82"]
[EventDate "1979.03.18"]

1. e4 e5 2. Nf3 Nc6 3. Bb5 f5 4. Nc3 fxe4 5. Nxe4 d5 6. Nxe5 dxe4 7. Nxc6 Qd5
8. c4 Qd6 9. Qh5+ g6 10. Qe5+ Qxe5 11. Nxe5+ c6 12. Ba4 Bg7 13. d4 exd3 14.
Nxd3 Bf5 15. Nf4 O-O-O 16. O-O Nf6 17. Be3 Ng4 18. Bxa7 Bxb2 19. Rad1 Be5 20.
f3 Nxh2 21. Kxh2 Bxf4+ 22. g3 Bc7 23. Bd4 Rhe8 24. Kg2 Rxd4 25. Rxd4 Re2+ 26.
Rf2 Rxf2+ 27. Kxf2 Bb6 28. Ke3 g5 29. f4 g4 30. Bd1 h5 31. Be2 h4 32. gxh4 g3
33. Bf3 Bc5 34. h5 Kc7 35. h6 Kb6 36. Bg2 Ka5 37. Kf3 Bxd4 38. Kxg3 Kb4 39. Bh3
Bxh3 40. Kxh3 Kxc4 41. Kg4 Kd5 0-1

[Event "III Torneo Banco di Roma"]
[Site "Roma ITA"]
[Date "1979.03.??"]
[Round "2"]
[White "Coppini, Giorgio"]
[Black "Marovic, Drazen"]
[Result "1/2-1/2"]
[WhiteElo "2285"]
[BlackElo "2470"]
[PlyCount "84"]
[EventDate "1979.03.18"]

1. Nf3 Nf6 2. c4 c5 3. Nc3 d5 4. cxd5 Nxd5 5. g3 Nc6 6. Bg2 Nc7 7. O-O e5 8. d3
Be7 9. Nd2 Bd7 10. Nc4 O-O 11. Bxc6 Bxc6 12. Nxe5 Be8 13. Be3 Ne6 14. Rc1 Bf6
15. f4 Bxe5 16. fxe5 Bc6 17. Qd2 Qd7 18. Bf4 Rad8 19. Qe3 b6 20. Ne4 Qd5 21. b3
a5 22. h4 a4 23. h5 axb3 24. axb3 Qd4 25. Qxd4 Nxd4 26. Nc3 b5 27. Be3 Nxb3 28.
Rb1 c4 29. dxc4 bxc4 30. Rf4 Bd5 31. Nxd5 Rxd5 32. Rxc4 Nd2 33. Bxd2 Rxd2 34.
Re4 Re8 35. e6 f5 36. Re5 Rd6 37. Rf1 Rdxe6 38. Rxe6 Rxe6 39. Rxf5 Rxe2 40. Rf2
Re5 41. g4 Re4 42. Rg2 Kf7 1/2-1/2

[Event "III Torneo Banco di Roma"]
[Site "Roma ITA"]
[Date "1979.03.??"]
[Round "2"]
[White "Keene, Raymond Dennis"]
[Black "Passerotti, Pierluigi"]
[Result "1/2-1/2"]
[WhiteElo "2465"]
[BlackElo "2340"]
[PlyCount "55"]
[EventDate "1979.03.18"]

1. d4 d5 2. c4 e6 3. Nc3 Nf6 4. cxd5 exd5 5. Bg5 c6 6. e3 Be7 7. Bd3 Bg4 8.
Nge2 Nbd7 9. Qc2 Bxe2 10. Nxe2 Nh5 11. Bxe7 Qxe7 12. O-O a5 13. a3 Nhf6 14. b4
axb4 15. axb4 Rxa1 16. Rxa1 Qxb4 17. Ng3 O-O 18. Rb1 Qa5 19. Rxb7 c5 20. Bf5
Rd8 21. Bxd7 Nxd7 22. Qf5 Nf6 23. dxc5 Qxc5 24. h3 Qc1+ 25. Kh2 Qc6 26. Qb1 Qd6
27. Qb6 g6 28. Qxd6 1/2-1/2

[Event "III Torneo Banco di Roma"]
[Site "Roma ITA"]
[Date "1979.03.??"]
[Round "2"]
[White "Mariotti, Sergio"]
[Black "Cappello, Renato"]
[Result "1/2-1/2"]
[WhiteElo "2485"]
[BlackElo "2405"]
[PlyCount "49"]
[EventDate "1979.03.18"]

1. e4 e6 2. Nf3 d5 3. Nc3 Nf6 4. e5 Nfd7 5. d4 c5 6. dxc5 Nc6 7. Bf4 Nxc5 8. a3
Be7 9. h4 h6 10. b4 Ne4 11. Nxe4 dxe4 12. Qxd8+ Bxd8 13. Nd2 Bc7 14. Bb5 Bd7
15. Nxe4 Bxe5 16. Bxe5 Nxe5 17. Bxd7+ Kxd7 18. O-O-O+ Ke7 19. Nd6 Rab8 20. Rhe1
Ng6 21. g3 Rhd8 22. Nf5+ Kf6 23. Ne3 Ne5 24. Kb2 Nf3 25. Re2 1/2-1/2

[Event "III Torneo Banco di Roma"]
[Site "Roma ITA"]
[Date "1979.03.??"]
[Round "2"]
[White "Schmidt, Wlodzimierz"]
[Black "Pinter, Jozsef"]
[Result "0-1"]
[WhiteElo "2430"]
[BlackElo "2445"]
[PlyCount "58"]
[EventDate "1979.03.18"]

1. d4 Nf6 2. c4 e6 3. Nf3 d5 4. Nc3 c6 5. Bg5 dxc4 6. e4 b5 7. e5 h6 8. Bh4 g5
9. Nxg5 hxg5 10. Bxg5 Nbd7 11. exf6 Qa5 12. g3 b4 13. Ne4 Ba6 14. Be2 O-O-O 15.
O-O Qf5 16. Qc2 Nb6 17. f3 c5 18. b3 Bb7 19. h4 Rxd4 20. bxc4 Bh6 21. Bxh6 Rxh6
22. Bd3 Bxe4 23. Bxe4 Qe5 24. Qg2 Nxc4 25. Rfe1 Rd2 26. Qh3 Qd4+ 27. Kh1 Ne5
28. Qf1 Nd3 29. Bxd3 Rxh4+ 0-1

[Event "III Torneo Banco di Roma"]
[Site "Roma ITA"]
[Date "1979.03.??"]
[Round "2"]
[White "Tatai, Stefano"]
[Black "Csom, Istvan"]
[Result "1/2-1/2"]
[WhiteElo "2475"]
[BlackElo "2510"]
[PlyCount "35"]
[EventDate "1979.03.18"]

1. d4 Nf6 2. c4 e6 3. g3 d5 4. Nf3 dxc4 5. Qa4+ Nbd7 6. Bg2 a6 7. Qxc4 b5 8.
Qc6 Rb8 9. a4 Bb7 10. Qc2 c5 11. axb5 axb5 12. O-O Qb6 13. Bd2 Be4 14. Qd1 cxd4
15. Ba5 Qb7 16. Qxd4 Bc5 17. Qd1 O-O 18. b4 1/2-1/2

[Event "III Torneo Banco di Roma"]
[Site "Roma ITA"]
[Date "1979.03.??"]
[Round "2"]
[White "Toth, Bela"]
[Black "Hug, Werner"]
[Result "1-0"]
[WhiteElo "2470"]
[BlackElo "2460"]
[PlyCount "119"]
[EventDate "1979.03.18"]

1. d4 Nf6 2. c4 d6 3. Nc3 g6 4. e4 Bg7 5. Be2 O-O 6. Nf3 Bg4 7. Be3 Nfd7 8. O-O
Nc6 9. d5 Bxf3 10. Bxf3 Na5 11. Be2 Nb6 12. Bxb6 cxb6 13. Rc1 Rc8 14. b3 b5 15.
Nxb5 a6 16. Nd4 Qb6 17. Nc2 Bh6 18. Rb1 e5 19. Bd3 Rc7 20. Qe2 Rfc8 21. Kh1 Qa7
22. Rb2 Qb6 23. Rbb1 Qa7 24. Ne3 Bxe3 25. fxe3 b6 26. Rf6 Nb7 27. Rbf1 Re7 28.
h4 Qb8 29. Qf3 Rcc7 30. h5 Qf8 31. hxg6 Qh6+ 32. Kg1 hxg6 33. c5 Nxc5 34. Rxd6
Red7 35. Rxb6 Qg5 36. Bxa6 Qd8 37. Bc4 Rd6 38. Rxd6 Qxd6 39. Qg4 Kg7 40. Qf3
Nb7 41. Bb5 Qe7 42. Bc6 Nd6 43. Qg4 Rc8 44. Rf3 Rh8 45. Rg3 Qa7 46. Qg5 Qxa2
47. Qxe5+ f6 48. Qe7+ Nf7 49. Bb5 Qxb3 50. e5 fxe5 51. Rf3 Qxd5 52. Qf6+ Kg8
53. Be8 Rh7 54. Bxf7+ Rxf7 55. Qxg6+ Kf8 56. Rxf7+ Qxf7 57. Qxf7+ Kxf7 58. Kf2
Kf6 59. Kf3 Kf5 60. g4+ 1-0

[Event "III Torneo Banco di Roma"]
[Site "Roma ITA"]
[Date "1979.03.??"]
[Round "3"]
[White "Cappello, Renato"]
[Black "Schmidt, Wlodzimierz"]
[Result "1/2-1/2"]
[WhiteElo "2405"]
[BlackElo "2430"]
[PlyCount "42"]
[EventDate "1979.03.18"]

1. d4 Nf6 2. c4 g6 3. g3 Bg7 4. Bg2 O-O 5. Nc3 d6 6. Nf3 Nc6 7. O-O a6 8. b3
Rb8 9. Bb2 b5 10. cxb5 axb5 11. Ne1 Na5 12. Nd3 b4 13. Ne4 Nxe4 14. Bxe4 c6 15.
Qd2 Qb6 16. e3 Ba6 17. Rfc1 Rfc8 18. h4 c5 19. dxc5 dxc5 20. Bxg7 Bxd3 21. Qxd3
Kxg7 1/2-1/2

[Event "III Torneo Banco di Roma"]
[Site "Roma ITA"]
[Date "1979.03.??"]
[Round "3"]
[White "Csom, Istvan"]
[Black "Keene, Raymond Dennis"]
[Result "1-0"]
[WhiteElo "2510"]
[BlackElo "2465"]
[PlyCount "81"]
[EventDate "1979.03.18"]

1. Nf3 Nf6 2. g3 b6 3. Bg2 Bb7 4. O-O g6 5. d3 Bg7 6. e4 O-O 7. Nh4 d5 8. e5
Ne8 9. Re1 c5 10. Bf4 Nc6 11. Nf3 Nc7 12. Qd2 Qd7 13. Nc3 Ne6 14. Bh6 Ncd4 15.
Bxg7 Nxf3+ 16. Bxf3 Kxg7 17. Bg2 Rae8 18. Ne2 d4 19. Bxb7 Qxb7 20. Nf4 Nxf4 21.
Qxf4 Qd5 22. b3 Rc8 23. Re4 Qe6 24. Rae1 Rc6 25. a4 h6 26. h4 h5 27. Qg5 Re8
28. R1e2 Qf5 29. Qd2 Qe6 30. Re1 Rd8 31. Kh2 a6 32. Qf4 Qf5 33. Qxf5 gxf5 34.
Rf4 e6 35. f3 Rh8 36. Kh3 Rh6 37. g4 hxg4+ 38. fxg4 fxg4+ 39. Rxg4+ Kf8 40. Rg5
Ke7 41. Rg8 1-0

[Event "III Torneo Banco di Roma"]
[Site "Roma ITA"]
[Date "1979.03.??"]
[Round "3"]
[White "Hug, Werner"]
[Black "Coppini, Giorgio"]
[Result "1/2-1/2"]
[WhiteElo "2460"]
[BlackElo "2285"]
[PlyCount "35"]
[EventDate "1979.03.18"]

1. e4 d6 2. Nc3 g6 3. g3 Bg7 4. Bg2 c5 5. d3 Nc6 6. Nh3 e6 7. O-O Nge7 8. Be3
O-O 9. Qd2 Rb8 10. Bh6 b5 11. Bxg7 Kxg7 12. f4 b4 13. Nd1 d5 14. e5 c4 15. dxc4
Ba6 16. Ne3 Qb6 17. Qf2 d4 18. Ng4 1/2-1/2

[Event "III Torneo Banco di Roma"]
[Site "Roma ITA"]
[Date "1979.03.??"]
[Round "3"]
[White "Marovic, Drazen"]
[Black "Mariotti, Sergio"]
[Result "1/2-1/2"]
[WhiteElo "2470"]
[BlackElo "2485"]
[PlyCount "23"]
[EventDate "1979.03.18"]

1. Nf3 Nf6 2. c4 c5 3. Nc3 g6 4. d4 cxd4 5. Nxd4 Bg7 6. e4 d6 7. Be2 O-O 8. Be3
Nc6 9. O-O Bd7 10. Qd2 Nxd4 11. Bxd4 Bc6 12. f3 1/2-1/2

[Event "III Torneo Banco di Roma"]
[Site "Roma ITA"]
[Date "1979.03.??"]
[Round "3"]
[White "Passerotti, Pierluigi"]
[Black "Toth, Bela"]
[Result "1/2-1/2"]
[WhiteElo "2340"]
[BlackElo "2470"]
[PlyCount "80"]
[EventDate "1979.03.18"]

1. e4 e5 2. Nf3 Nf6 3. Nxe5 d6 4. Nf3 Nxe4 5. Qe2 Qe7 6. d3 Nf6 7. Bg5 Nbd7 8.
Nc3 Qxe2+ 9. Bxe2 h6 10. Bd2 g6 11. Nb5 Kd8 12. c4 Bg7 13. O-O a6 14. Nc3 Re8
15. Rfe1 Nf8 16. Nd4 Bg4 17. Bf1 Rxe1 18. Rxe1 Bd7 19. g3 Ng4 20. Nf3 Ne6 21.
Bg2 Rb8 22. b3 Nd4 23. Nxd4 Bxd4 24. Nd1 Bg7 25. Bd5 Be8 26. f4 Nf6 27. Bf3 Bc6
28. Bxc6 bxc6 29. Bc3 Nh5 30. Kg2 Kd7 31. Kf3 f5 32. h3 Bxc3 33. Nxc3 Rf8 34.
d4 Nf6 35. d5 cxd5 36. Nxd5 Ne4 37. Re3 c6 38. Nc3 Nxc3 39. Rxc3 a5 40. Rd3 Rb8
1/2-1/2

[Event "III Torneo Banco di Roma"]
[Site "Roma ITA"]
[Date "1979.03.??"]
[Round "4"]
[White "Cappello, Renato"]
[Black "Marovic, Drazen"]
[Result "1/2-1/2"]
[WhiteElo "2405"]
[BlackElo "2470"]
[PlyCount "29"]
[EventDate "1979.03.18"]

1. e4 c5 2. Nf3 Nf6 3. Nc3 Nc6 4. d4 d5 5. exd5 Nxd5 6. dxc5 Nxc3 7. Qxd8+ Kxd8
8. bxc3 f6 9. Nd4 Bd7 10. Be3 e5 11. Nb5 a6 12. Nd6 Kc7 13. O-O-O Na5 14. Nc4
Nxc4 15. Bxc4 1/2-1/2

[Event "III Torneo Banco di Roma"]
[Site "Roma ITA"]
[Date "1979.03.??"]
[Round "4"]
[White "Coppini, Giorgio"]
[Black "Passerotti, Pierluigi"]
[Result "1/2-1/2"]
[WhiteElo "2285"]
[BlackElo "2340"]
[PlyCount "30"]
[EventDate "1979.03.18"]

1. Nf3 Nf6 2. c4 e6 3. d4 d5 4. Nc3 dxc4 5. e3 c5 6. Bxc4 Nc6 7. O-O cxd4 8.
exd4 Be7 9. Qe2 Nxd4 10. Nxd4 Qxd4 11. Nb5 Qb6 12. Bf4 O-O 13. Nc7 Rb8 14. Nb5
Ra8 15. Nc7 Rb8 1/2-1/2

[Event "III Torneo Banco di Roma"]
[Site "Roma ITA"]
[Date "1979.03.??"]
[Round "4"]
[White "Keene, Raymond Dennis"]
[Black "Pinter, Jozsef"]
[Result "1/2-1/2"]
[WhiteElo "2465"]
[BlackElo "2445"]
[PlyCount "26"]
[EventDate "1979.03.18"]

1. d4 Nf6 2. c4 e6 3. Nc3 Bb4 4. e3 c5 5. Nge2 cxd4 6. exd4 O-O 7. a3 Be7 8. d5
exd5 9. cxd5 Bc5 10. Ng3 Qb6 11. Qf3 d6 12. Be2 Nbd7 13. O-O Ne5 1/2-1/2

[Event "III Torneo Banco di Roma"]
[Site "Roma ITA"]
[Date "1979.03.??"]
[Round "4"]
[White "Mariotti, Sergio"]
[Black "Hug, Werner"]
[Result "1/2-1/2"]
[WhiteElo "2485"]
[BlackElo "2460"]
[PlyCount "87"]
[EventDate "1979.03.18"]

1. d4 Nf6 2. Nf3 g6 3. g3 Bg7 4. Bg2 O-O 5. O-O d6 6. b3 c6 7. Bb2 Bg4 8. h3
Bxf3 9. exf3 Nbd7 10. f4 d5 11. Re1 a5 12. a4 Re8 13. Qd3 e6 14. Nd2 Nb6 15.
Nf1 Nc8 16. g4 Nd6 17. Ng3 Qc7 18. c4 Rad8 19. Qc2 Qb8 20. Re5 Nd7 21. Rae1
Nxe5 22. fxe5 Nc8 23. f4 Ne7 24. c5 b6 25. Ba3 f5 26. cxb6 Qxb6 27. Bc5 Qb7 28.
Re3 Bh6 29. Rf3 Bf8 30. Bf1 Kh8 31. Be2 Ng8 32. Bd1 Bxc5 33. Qxc5 Qb4 34. Rc3
Ne7 35. Qxb4 axb4 36. Rc5 Kg7 37. Kf2 Ra8 38. Bc2 Kf7 39. Bd3 Ra7 40. Ke3 Rh8
41. Be2 Rha8 42. gxf5 exf5 43. Rc1 Ra5 44. Bd3 1/2-1/2

[Event "III Torneo Banco di Roma"]
[Site "Roma ITA"]
[Date "1979.03.??"]
[Round "4"]
[White "Schmidt, Wlodzimierz"]
[Black "Tatai, Stefano"]
[Result "1/2-1/2"]
[WhiteElo "2430"]
[BlackElo "2475"]
[PlyCount "28"]
[EventDate "1979.03.18"]

1. d4 Nf6 2. c4 e6 3. Nf3 b6 4. Nc3 Bb7 5. a3 d5 6. cxd5 exd5 7. Bf4 Bd6 8.
Bxd6 Qxd6 9. e3 O-O 10. Rc1 a6 11. b4 Nbd7 12. Be2 c5 13. bxc5 bxc5 14. dxc5
Nxc5 1/2-1/2

[Event "III Torneo Banco di Roma"]
[Site "Roma ITA"]
[Date "1979.03.??"]
[Round "4"]
[White "Toth, Bela"]
[Black "Csom, Istvan"]
[Result "0-1"]
[WhiteElo "2470"]
[BlackElo "2510"]
[PlyCount "80"]
[EventDate "1979.03.18"]

1. d4 Nf6 2. c4 e6 3. Nf3 b6 4. g3 Ba6 5. Qa4 c5 6. Bg2 Bb7 7. O-O cxd4 8. Nxd4
Bxg2 9. Kxg2 Qc7 10. f3 a6 11. Rd1 Be7 12. Nc3 Qb7 13. Bf4 O-O 14. Nc2 Rc8 15.
Bd6 b5 16. cxb5 axb5 17. Qb3 Bxd6 18. Rxd6 Na6 19. Ne3 Ne8 20. Rd2 Rab8 21. a3
d5 22. Na2 Nd6 23. Nb4 Nc4 24. Nxc4 bxc4 25. Qc3 Nxb4 26. axb4 Qxb4 27. Qxb4
Rxb4 28. Ra7 Rcb8 29. Kf2 Kf8 30. Ra2 Ke7 31. Ke1 Kd6 32. Kd1 Kc5 33. Kc2 d4
34. Rd1 R8b5 35. Rb1 Rb3 36. Ra7 c3 37. Rxf7 Rxb2+ 38. Rxb2 Rxb2+ 39. Kd1 Rb1+
40. Kc2 Re1 0-1

[Event "III Torneo Banco di Roma"]
[Site "Roma ITA"]
[Date "1979.03.??"]
[Round "5"]
[White "Hug, Werner"]
[Black "Cappello, Renato"]
[Result "1/2-1/2"]
[WhiteElo "2460"]
[BlackElo "2405"]
[PlyCount "91"]
[EventDate "1979.03.18"]

1. g3 e5 2. Bg2 Nf6 3. d3 d5 4. Nf3 Bd6 5. O-O O-O 6. Nc3 c6 7. e4 dxe4 8. Nxe4
Nxe4 9. dxe4 Qe7 10. Qe2 f6 11. Nh4 Be6 12. Nf5 Bxf5 13. exf5 Nd7 14. Rd1 Nb6
15. Be4 Rfd8 16. Bd2 Kh8 17. a4 a5 18. Be1 Bb4 19. c3 Bc5 20. Bc2 Qf7 21. Rxd8+
Rxd8 22. Rd1 Rxd1 23. Qxd1 Qd5 24. Qh5 h6 25. b3 Kg8 26. Qe2 Qd6 27. Be4 Kf8
28. Kg2 Nc8 29. Qd3 Qxd3 30. Bxd3 Nd6 31. Kf3 Ke7 32. Kg4 Kf7 33. Bc2 b5 34.
Kf3 Ke7 35. Ke2 Kd7 36. f3 Kc7 37. Be4 Bb6 38. Bd3 Bg1 39. h3 Kb6 40. Bd2 Bc5
41. h4 b4 42. cxb4 Bxb4 43. Be3+ Bc5 44. Bc1 Bb4 45. Be3+ Bc5 46. Bc1 1/2-1/2

[Event "III Torneo Banco di Roma"]
[Site "Roma ITA"]
[Date "1979.03.??"]
[Round "5"]
[White "Marovic, Drazen"]
[Black "Schmidt, Wlodzimierz"]
[Result "1/2-1/2"]
[WhiteElo "2470"]
[BlackElo "2430"]
[PlyCount "85"]
[EventDate "1979.03.18"]

1. d4 Nf6 2. c4 g6 3. Nc3 d5 4. Nf3 Bg7 5. Bg5 Ne4 6. cxd5 Nxg5 7. Nxg5 e6 8.
Qd2 exd5 9. Qe3+ Kf8 10. Qf4 Bf6 11. h4 c6 12. e4 h6 13. Nf3 dxe4 14. Nxe4 Kg7
15. Bc4 Qa5+ 16. Kf1 Qf5 17. Qxf5 Bxf5 18. Nd6 c5 19. dxc5 Nd7 20. Rd1 Nxc5 21.
Nxf5+ gxf5 22. b4 Ne4 23. Rd7 Rhf8 24. g3 Rad8 25. Rxb7 Nd6 26. Rc7 Rc8 27.
Rxc8 Rxc8 28. Bb3 Rb8 29. Kg2 Rxb4 30. Rd1 Rb6 31. Rd5 Kf8 32. Ra5 Rb7 33. Rd5
Ke7 34. Ne5 Rc7 35. Nd3 Rb7 36. Nf4 Bg7 37. Kf3 Rb5 38. Rd1 Be5 39. Nd5+ Kf8
40. Ke2 Rc5 41. Rd3 Nb5 42. Ke3 Nc3 43. Nxc3 1/2-1/2

[Event "III Torneo Banco di Roma"]
[Site "Roma ITA"]
[Date "1979.03.??"]
[Round "5"]
[White "Passerotti, Pierluigi"]
[Black "Mariotti, Sergio"]
[Result "0-1"]
[WhiteElo "2340"]
[BlackElo "2485"]
[PlyCount "78"]
[EventDate "1979.03.18"]

1. e4 e5 2. Bc4 Nf6 3. d3 c6 4. Nf3 d5 5. Bb3 Bd6 6. Bg5 dxe4 7. dxe4 h6 8. Bh4
Qe7 9. Nbd2 Bc7 10. Qe2 Nbd7 11. Qe3 Nf8 12. Qc3 Ng6 13. Bg3 a5 14. a4 O-O 15.
O-O-O Nd7 16. Nc4 Qc5 17. Rd3 Qb4 18. Rhd1 Nc5 19. Re3 Bg4 20. Nfxe5 Nxe5 21.
Nxe5 Qxc3 22. Rxc3 Nxb3+ 23. Rxb3 Bxd1 24. Kxd1 Rfe8 25. f4 Rad8+ 26. Nd3 Rxe4
27. Rxb7 Bxf4 28. Bf2 Rxa4 29. g3 Be5 30. Ke2 Rb8 31. Rb3 Re8 32. Kf3 Rc4 33.
c3 Bd6 34. Rb6 a4 35. Bd4 f6 36. Rb7 c5 37. Be3 a3 38. bxa3 Rxc3 39. Nf4 Rcxe3+
0-1

[Event "III Torneo Banco di Roma"]
[Site "Roma ITA"]
[Date "1979.03.??"]
[Round "5"]
[White "Tatai, Stefano"]
[Black "Keene, Raymond Dennis"]
[Result "1/2-1/2"]
[WhiteElo "2475"]
[BlackElo "2465"]
[PlyCount "22"]
[EventDate "1979.03.18"]

1. d4 Nf6 2. c4 e6 3. g3 c5 4. Nf3 cxd4 5. Nxd4 Qc7 6. Nc3 a6 7. Bg2 Qxc4 8.
O-O Qc7 9. Bg5 Nc6 10. Rc1 Be7 11. Na4 O-O 1/2-1/2

[Event "III Torneo Banco di Roma"]
[Site "Roma ITA"]
[Date "1979.03.??"]
[Round "6"]
[White "Cappello, Renato"]
[Black "Passerotti, Pierluigi"]
[Result "1-0"]
[WhiteElo "2405"]
[BlackElo "2340"]
[PlyCount "41"]
[EventDate "1979.03.18"]

1. e4 e5 2. Nf3 Nc6 3. Bb5 a6 4. Bxc6 dxc6 5. O-O Bd6 6. d4 exd4 7. Qxd4 f6 8.
Be3 Ne7 9. Nbd2 O-O 10. Nc4 Ng6 11. Nxd6 Qxd6 12. Qxd6 cxd6 13. Rad1 Re8 14.
Rxd6 Rxe4 15. Rd8+ Kf7 16. Nd2 Re8 17. Rxe8 Kxe8 18. Nc4 Kf8 19. Nb6 Rb8 20.
Bc5+ Ke8 21. Bd6 1-0

[Event "III Torneo Banco di Roma"]
[Site "Roma ITA"]
[Date "1979.03.??"]
[Round "6"]
[White "Coppini, Giorgio"]
[Black "Pinter, Jozsef"]
[Result "0-1"]
[WhiteElo "2285"]
[BlackElo "2445"]
[PlyCount "106"]
[EventDate "1979.03.18"]

1. Nf3 Nf6 2. c4 c5 3. Nc3 d5 4. cxd5 Nxd5 5. g3 Nc6 6. Bg2 Nc7 7. Qa4 Bd7 8.
Qe4 g6 9. Ne5 Bg7 10. Nxd7 Qxd7 11. O-O Ne6 12. a3 O-O 13. Rb1 Rac8 14. b4 b6
15. Nd5 Ned4 16. bxc5 f5 17. Qd3 Ne5 18. Qe3 Rxc5 19. f4 Ng4 20. Qd3 Rxd5 21.
h3 Nf6 22. Bxd5+ Qxd5 23. Rb4 Ne4 24. Bb2 Nxg3 25. Bxd4 Bxd4+ 26. e3 Qh1+ 27.
Kf2 Qh2+ 28. Kf3 e5 29. Qc4+ Kh8 30. exd4 Ne4 31. Rb2 Qxf4+ 32. Ke2 Ng3+ 33.
Ke1 Qxf1+ 34. Qxf1 Nxf1 35. Kxf1 exd4 36. Rb4 Rd8 37. Rc4 Rd7 38. Kf2 Kg7 39.
Kf3 Kf6 40. h4 Ke5 41. d3 h6 42. Rc6 g5 43. h5 g4+ 44. Kg3 Rg7 45. Rxh6 f4+ 46.
Kg2 Rc7 47. Rh8 Rc2+ 48. Kg1 f3 49. Rf8 Rg2+ 50. Kh1 Rg3 51. Rf7 Rh3+ 52. Kg1
Rxh5 53. Rxa7 Kf4 0-1

[Event "III Torneo Banco di Roma"]
[Site "Roma ITA"]
[Date "1979.03.??"]
[Round "6"]
[White "Mariotti, Sergio"]
[Black "Csom, Istvan"]
[WhiteElo "2485"]
[BlackElo "2510"]
[Result "1-0"]
[PlyCount "59"]
[EventDate "1979.03.18"]

1. e4 c5 2. Nf3 d6 3. d4 cxd4 4. Nxd4 Nf6 5. Nc3 Nc6 6. Bg5 e6 7. Qd2 a6 8.
O-O-O h6 9. Bf4 Bd7 10. Nxc6 Bxc6 11. Qe1 Qa5 12. f3 O-O-O 13. Kb1 Qc7 14. Qf2
Nd7 15. a4 Qa5 16. Bxd6 Bxd6 17. Rxd6 Nc5 18. Rxd8+ Rxd8 19. Bb5 Nxa4 20. Bxa4
Bxa4 21. Qg3 Rd2 22. Rc1 g5 23. Qh3 Bc6 24. Qxh6 Qd8 25. Qg7 Qe7 26. Rd1 Rxg2
27. h4 Rf2 28. hxg5 Rg2 29. Qh8+ Be8 30. Nd5 1-0

[Event "III Torneo Banco di Roma"]
[Site "Roma ITA"]
[Date "1979.03.??"]
[Round "6"]
[White "Marovic, Drazen"]
[Black "Hug, Werner"]
[Result "1/2-1/2"]
[WhiteElo "2470"]
[BlackElo "2460"]
[PlyCount "36"]
[EventDate "1979.03.18"]

1. d4 Nf6 2. c4 g6 3. g3 Bg7 4. Bg2 O-O 5. Nc3 d6 6. Nf3 c6 7. O-O Bg4 8. h3
Bxf3 9. Bxf3 Nbd7 10. e4 e5 11. d5 c5 12. h4 h5 13. Kg2 a6 14. a4 Qb6 15. Ra3
Kh7 16. Rb3 Qc7 17. Be2 Rae8 18. f3 Bh6 1/2-1/2

[Event "III Torneo Banco di Roma"]
[Site "Roma ITA"]
[Date "1979.03.??"]
[Round "6"]
[White "Schmidt, Wlodzimierz"]
[Black "Keene, Raymond Dennis"]
[Result "1/2-1/2"]
[WhiteElo "2430"]
[BlackElo "2465"]
[PlyCount "37"]
[EventDate "1979.03.18"]

1. d4 Nf6 2. c4 e6 3. Nf3 b6 4. Nc3 Bb4 5. g3 Bxc3+ 6. bxc3 Bb7 7. Bg2 O-O 8.
O-O Re8 9. Bg5 d6 10. e3 Nbd7 11. a4 a5 12. Nd2 Bxg2 13. Kxg2 e5 14. Ne4 h6 15.
Bxf6 Nxf6 16. Nxf6+ Qxf6 17. Rb1 Qf5 18. Rb5 Rad8 19. Qb1 1/2-1/2

[Event "III Torneo Banco di Roma"]
[Site "Roma ITA"]
[Date "1979.03.??"]
[Round "6"]
[White "Toth, Bela"]
[Black "Tatai, Stefano"]
[Result "1-0"]
[WhiteElo "2470"]
[BlackElo "2475"]
[PlyCount "75"]
[EventDate "1979.03.18"]

1. d4 Nf6 2. c4 e6 3. Nc3 Bb4 4. Qc2 c5 5. dxc5 O-O 6. Nf3 Na6 7. Bd2 Nxc5 8.
a3 Bxc3 9. Bxc3 Nce4 10. Bxf6 Nxf6 11. e4 e5 12. Bd3 d6 13. O-O Be6 14. b3 Rc8
15. Qd2 Qb6 16. Bc2 Rfd8 17. a4 a5 18. h3 Nh5 19. Rad1 Nf4 20. Kh2 f6 21. Ng1
Bf7 22. Rfe1 Bh5 23. Rb1 Bg6 24. Rbc1 Ne6 25. Re3 Nd4 26. Ne2 Nxe2 27. Qxe2 Qc5
28. Rd1 Bf7 29. Rd2 Be6 30. Red3 Rc6 31. Bd1 g6 32. Qf3 Kg7 33. Qg3 Rb6 34. Bg4
Bf7 35. h4 Kf8 36. h5 g5 37. Qf3 d5 38. cxd5 $139 1-0

[Event "III Torneo Banco di Roma"]
[Site "Roma ITA"]
[Date "1979.03.??"]
[Round "7"]
[White "Csom, Istvan"]
[Black "Cappello, Renato"]
[Result "1-0"]
[WhiteElo "2510"]
[BlackElo "2405"]
[PlyCount "127"]
[EventDate "1979.03.18"]

1. Nf3 d5 2. b3 Nf6 3. Bb2 c6 4. g3 Nbd7 5. Bg2 e6 6. O-O Bd6 7. d4 O-O 8. Nbd2
b6 9. c4 Bb7 10. Qc2 c5 11. Rac1 Rc8 12. Qb1 Qe7 13. Qa1 Ba8 14. cxd5 exd5 15.
e3 g6 16. Rfd1 Rfe8 17. Qb1 Bb7 18. Qd3 cxd4 19. Qxd4 Ba3 20. Bh3 Bxb2 21. Qxb2
Rxc1 22. Rxc1 Rc8 23. Rxc8+ Bxc8 24. b4 Bb7 25. Qd4 Nf8 26. a3 Ne6 27. Qh4 Kg7
28. Nd4 Bc8 29. Bxe6 fxe6 30. N2f3 Qc7 31. Qf4 Qxf4 32. exf4 Ne4 33. Ne5 Kf6
34. f3 Nd6 35. Kf2 Nf7 36. Nxf7 Kxf7 37. Nc6 a6 38. Ke3 Ke8 39. Kd4 Kd7 40.
Ne5+ Kd6 41. g4 a5 42. b5 a4 43. h4 Ke7 44. Kc3 Kf6 45. Kd3 Ke7 46. Ke3 Kf6 47.
Kd3 Ke7 48. Kd4 Kf6 49. Nc6 Bd7 50. g5+ Kf7 51. Ke5 Bxc6 52. bxc6 Ke7 53. f5
exf5 54. Kxd5 f4 55. c7 Kd7 56. c8=Q+ Kxc8 57. Kc6 Kd8 58. Kxb6 Kd7 59. Kb5 Kd6
60. Kxa4 Ke5 61. Kb3 Kd4 62. a4 Ke3 63. a5 Kxf3 64. a6 1-0